[Event "Championnat de la Loire - Open"]
[Site "Loire "]
[Date "2009.11.14"]
[Round "1.1"]
[White "Ben Habchi, Nordine"]
[Black "Bednar, Emile"]
[Result "0-1"]
[WhiteElo "1480"]
[BlackElo "1760"]
[PlyCount "132"]
[EventDate "2009.??.??"]

1. e4 Nc6 2. d4 d5 3. Nc3 e6 4. e5 Bb4 5. a3 Bxc3+ 6. bxc3 Nge7 7. Bb5 Bd7 8.
Nf3 h6 9. O-O a6 10. Bd3 b5 11. Be3 Na5 12. Rb1 Nc4 13. Qc1 c6 14. h3 Qa5 15.
Rb3 Qc7 16. Qa1 Nb6 17. Bd2 a5 18. Qe1 a4 19. Rb2 Nc4 20. Bxc4 dxc4 21. Qe2 Nd5
22. Rfb1 Qd8 23. Ra1 Qe7 24. Rbb1 O-O 25. Qe1 Be8 26. Be3 Rd8 27. Bd2 f5 28.
exf6 Rxf6 29. Ne5 Qd6 30. f3 Bg6 31. Rc1 Rdf8 32. Qg3 Bh7 33. Ra2 Ne7 34. Rf1
Nf5 35. Qe1 Ne7 36. Qc1 Nd5 37. Rf2 Qc7 38. Qe1 Bg6 39. Qc1 Be8 40. g3 c5 41.
Kg2 cxd4 42. cxd4 c3 43. Be3 Ne7 44. Ng4 Rg6 45. Bf4 Qc4 46. Ne5 Qxa2 47. Nxg6
Nxg6 48. Qe3 Qc4 49. Bd6 Rf7 50. Bb4 Bc6 51. Bxc3 Bd5 52. Bb4 Qc6 53. c3 h5 54.
h4 Qc7 55. Rf1 Ne7 56. Rf2 Nf5 57. Qe5 Qxe5 58. dxe5 Ne3+ 59. Kh2 Bxf3 60. Rd2
Nd5 61. Rd3 g6 62. Ba5 Be4 63. Rd4 Bf5 64. Kg2 Ne3+ 65. Kf2 Nd5 66. Kg2 Bc2 0-1

[Event "Championnat de la Loire - Open"]
[Site "Loire "]
[Date "2009.11.14"]
[Round "1.2"]
[White "Desassis, Maxence"]
[Black "Doran, Niall"]
[Result "1-0"]
[WhiteElo "1690"]
[BlackElo "1470"]
[PlyCount "111"]
[EventDate "2009.??.??"]

1. d4 d5 2. Nf3 e6 3. Bg5 Nf6 4. e3 Be7 5. c4 O-O 6. Bd3 dxc4 7. Bxc4 Ne4 8.
Bxe7 Qxe7 9. O-O b6 10. Nbd2 Bb7 11. Bd3 Nxd2 12. Nxd2 Nd7 13. Nf3 Rac8 14. Bc4
c5 15. d5 exd5 16. Bxd5 Bxd5 17. Qxd5 Rcd8 18. Qb7 a5 19. Rfd1 Rfe8 20. Qc7 h6
21. Rd6 Qe4 22. Rxd7 Rxd7 23. Qxd7 Re7 24. Qd8+ Kh7 25. Qxb6 Rb7 26. Qxa5 Rxb2
27. Qc3 Rc2 28. Nd2 Qa4 29. Qb3 Qxb3 30. Nxb3 c4 31. Nd4 Rd2 32. Kf1 c3 33. Ke1
Rb2 34. a4 c2 35. Rc1 Ra2 36. Rxc2 Rxa4 37. Rc7 Kg6 38. Ke2 Ra2+ 39. Kf3 Ra5
40. Kf4 Ra2 41. Rc6+ Kh7 42. Rc2 Ra6 43. h4 Rf6+ 44. Ke4 Rg6 45. g3 Ra6 46. h5
Rf6 47. f4 Ra6 48. g4 Rb6 49. Rc6 Rb1 50. g5 hxg5 51. fxg5 Rh1 52. g6+ fxg6 53.
hxg6+ Kh6 54. Nf5+ Kg5 55. Nxg7 Rh4+ 56. Kd5 1-0

[Event "Championnat de la Loire - Open"]
[Site "Loire "]
[Date "2009.11.14"]
[Round "1.3"]
[White "Megnot, Philippe"]
[Black "Rasle, Jean-Michel"]
[Result "0-1"]
[WhiteElo "1460"]
[BlackElo "1690"]
[PlyCount "52"]
[EventDate "2009.??.??"]

1. d4 Nf6 2. c4 g6 3. Nf3 Bg7 4. Bg5 O-O 5. e3 d5 6. Nc3 c5 7. dxc5 Qa5 8. Qb3
Ne4 9. Rc1 Qxc5 10. cxd5 Nxc3 11. bxc3 Rd8 12. Bc4 Nd7 13. e4 h6 14. Bf4 Nf6
15. e5 Nxd5 16. Rd1 Be6 17. O-O Nxf4 18. Bxe6 Nxe6 19. Rfe1 b6 20. Rxd8+ Rxd8
21. h3 Rd3 22. Qa4 Rxc3 23. Qxa7 Ra3 24. Qb8+ Bf8 25. Rb1 Rxa2 26. Rxb6 Qxf2+
0-1

[Event "Championnat de la Loire - Open"]
[Site "Loire "]
[Date "2009.11.14"]
[Round "1.4"]
[White "Bec, Jimmy"]
[Black "Brachet, Gerard"]
[Result "0-1"]
[WhiteElo "1680"]
[BlackElo "1450"]
[PlyCount "54"]
[EventDate "2009.??.??"]

1. d4 d5 2. c4 dxc4 3. e4 e6 4. Bxc4 Nf6 5. Nc3 Bb4 6. Be3 O-O 7. Nf3 Nc6 8. a3
Ba5 9. Bd2 Re8 10. O-O Bb6 11. d5 exd5 12. exd5 Ne5 13. Bg5 Qd6 14. Bf4 Bg4 15.
Bxe5 Bxf3 16. Bxd6 Bxd1 17. Raxd1 cxd6 18. Rfe1 Rxe1+ 19. Rxe1 Ng4 20. Re7 Nxf2
21. Rxb7 Re8 22. h3 Nd3+ 23. Kh2 Nxb2 24. Nb5 Bc5 25. Nxd6 Bxd6+ 26. Kg1 Nxc4
27. Rxa7 Bc5+ 0-1

[Event "Championnat de la Loire - Open"]
[Site "Loire "]
[Date "2009.11.14"]
[Round "1.5"]
[White "Trottet, Francois"]
[Black "Moleins, Jean-Pierre"]
[Result "0-1"]
[WhiteElo "1440"]
[BlackElo "1670"]
[PlyCount "88"]
[EventDate "2009.??.??"]

1. e4 b6 2. d4 e6 3. Nf3 Bb7 4. Bd3 Nf6 5. Nc3 Bb4 6. Qe2 d5 7. Bg5 dxe4 8.
Bxf6 exf3 9. Bxd8 fxe2 10. Bxc7 Nc6 11. Bb5 O-O 12. Be5 f6 13. Bxc6 Bxc6 14.
Bf4 Bxg2 15. Rg1 Bf3 16. Bh6 Rf7 17. Bd2 Bd6 18. Nxe2 Bxh2 19. Rg3 Bxg3 20.
fxg3 e5 21. c3 exd4 22. Nxd4 Re8+ 23. Kf2 Bd5 24. b3 Re4 25. Rd1 f5 26. Bf4 h6
27. c4 Bb7 28. Be3 g5 29. Nb5 f4 30. gxf4 gxf4 31. Rg1+ Kf8 32. Bc1 f3 33. Ba3+
Ree7 34. Bxe7+ Rxe7 35. Nd6 Re2+ 36. Kf1 Bc6 37. Rg4 Rxa2 38. Rf4+ Kg7 39. Nf7
Kg6 40. Ne5+ Kg5 41. Rf8 Ra1+ 42. Kf2 Ra2+ 43. Ke3 Re2+ 44. Kd4 Re4+ 0-1

[Event "Championnat de la Loire - Open"]
[Site "Loire "]
[Date "2009.11.14"]
[Round "1.6"]
[White "Simon, Joel"]
[Black "Schlick, Paul"]
[Result "1-0"]
[WhiteElo "1630"]
[BlackElo "1430"]
[PlyCount "33"]
[EventDate "2009.??.??"]

1. d4 f5 2. Nc3 d5 3. Nf3 Nf6 4. Bg5 e6 5. e3 Nc6 6. Ne5 Bd6 7. Bb5 Bd7 8. Nxd7
Kxd7 9. Ba4 h6 10. Bxf6 Qxf6 11. Nb5 f4 12. Nxd6 fxe3 13. O-O Kxd6 14. fxe3 Qg5
15. Qd3 Ne7 16. Qa3+ c5 17. Qxc5# 1-0

[Event "Championnat de la Loire - Open"]
[Site "Loire "]
[Date "2009.11.14"]
[Round "1.7"]
[White "Rogues, Jean-Luc"]
[Black "Mazet, Christian"]
[Result "0-1"]
[WhiteElo "1420"]
[BlackElo "1590"]
[PlyCount "34"]
[EventDate "2009.??.??"]

1. d4 Nf6 2. c4 g6 3. Nc3 d5 4. e3 Bg7 5. Bd3 O-O 6. Nge2 Nc6 7. a3 Re8 8. O-O
e5 9. f3 Be6 10. b3 exd4 11. exd4 dxc4 12. Bxc4 Nd5 13. Bb2 Ne3 14. Qd3 Bxc4
15. bxc4 Nxf1 16. Kxf1 Ne5 17. Qd1 Nxc4 0-1

[Event "Championnat de la Loire - Open"]
[Site "Loire "]
[Date "2009.11.14"]
[Round "1.8"]
[White "Chabas, Jean-Luc"]
[Black "Boeuf, Jean-Julien"]
[Result "1/2-1/2"]
[WhiteElo "1580"]
[BlackElo "1400"]
[PlyCount "63"]
[EventDate "2009.??.??"]

1. e4 d6 2. d4 Nf6 3. Qd3 g6 4. Nf3 Bg7 5. Be2 O-O 6. O-O Nbd7 7. c4 c5 8. d5
Ne8 9. Nc3 Ne5 10. Nxe5 Bxe5 11. Bh6 Bg7 12. Bxg7 Nxg7 13. f4 f5 14. e5 e6 15.
Rad1 exd5 16. cxd5 Qb6 17. Qb5 Qxb5 18. Nxb5 Ne8 19. e6 a6 20. Nc3 b6 21. a3
Bb7 22. Bf3 Nf6 23. Rfe1 Rfe8 24. Rd2 Kf8 25. h3 Ke7 26. g3 h6 27. Kf2 g5 28.
Rg1 Rg8 29. Kf1 g4 30. Bg2 Rg7 31. Kf2 Rag8 32. h4 $11 1/2-1/2

[Event "Championnat de la Loire - Open"]
[Site "Loire "]
[Date "2009.11.14"]
[Round "1.9"]
[White "Martin, Julien"]
[Black "Buisine, Roman"]
[Result "0-1"]
[WhiteElo "1370"]
[BlackElo "1550"]
[PlyCount "56"]
[EventDate "2009.??.??"]

1. e4 e5 2. Nf3 Nc6 3. Bb5 Nf6 4. Bxc6 dxc6 5. Nc3 Bd6 6. d4 Bg4 7. dxe5 Bxf3
8. gxf3 Bxe5 9. Qxd8+ Rxd8 10. f4 Bxc3+ 11. bxc3 Nxe4 12. Bb2 Rd2 13. O-O O-O
14. f3 Rxc2 15. Ba3 Nd6 16. Kh1 Rxc3 17. Bb2 Rc2 18. Ba3 Re8 19. Rg1 Ree2 20.
Rg3 Rxh2+ 21. Kg1 Rxa2 22. Re1 Rhe2 23. Rxe2 Rxe2 24. Kf1 Ra2 25. Bb4 a5 26.
Bc3 Ne8 27. f5 f6 28. Rg4 Kf7 0-1

[Event "Championnat de la Loire - Open"]
[Site "Loire "]
[Date "2009.11.14"]
[Round "1.10"]
[White "Desassis, Jean-Francois"]
[Black "Mialon, Franck"]
[Result "1-0"]
[WhiteElo "1550"]
[BlackElo "1370"]
[PlyCount "57"]
[EventDate "2009.??.??"]

1. d4 d5 2. Nf3 c6 3. e3 e6 4. Bd3 f5 5. Nbd2 Nf6 6. Ne5 Nbd7 7. Ndf3 Bd6 8. b3
O-O 9. Bb2 Ne4 10. O-O Rf6 11. Bxe4 fxe4 12. Ng5 Bb8 13. Qg4 Nxe5 14. dxe5 Rg6
15. h4 h6 16. Nf7 Kxf7 17. Qh5 Bd7 18. f3 Be8 19. fxe4+ Kg8 20. Qf3 Qxh4 21.
Qf8+ Kh7 22. Qxe8 Qxe4 23. Rf2 Bxe5 24. Qxa8 Bxb2 25. Re1 Qg4 26. Ree2 Be5 27.
Rf8 Rg5 28. Rh8+ Kg6 29. Qe8+ 1-0

[Event "Championnat de la Loire - Open"]
[Site "Loire "]
[Date "2009.11.14"]
[Round "1.11"]
[White "Daillere, Roland"]
[Black "Volay, Pascal"]
[Result "0-1"]
[WhiteElo "1360"]
[BlackElo "1540"]
[PlyCount "68"]
[EventDate "2009.??.??"]

1. e4 e5 2. f4 exf4 3. Nf3 Be7 4. Bc4 Bh4+ 5. g3 fxg3 6. hxg3 Bxg3+ 7. Ke2 Qe7
8. Nc3 g6 9. d3 Nf6 10. Bh6 d5 11. Bxd5 c6 12. Bb3 Be6 13. Qg1 Bc7 14. e5 Bxb3
15. axb3 Bxe5 16. Nxe5 Qxe5+ 17. Kd2 Qd6 18. Rxa7 Rxa7 19. Qxa7 Ng4 20. Re1+
Kd8 21. Bg7 Re8 22. Qb6+ Kd7 23. Qxb7+ Kd8 24. Qb6+ Kd7 25. Qa7+ Kd8 26. Ne4
Qc7 27. Qd4+ Nd7 28. Nd6 Rxe1 29. Kxe1 h5 30. Nxf7+ Ke7 31. Ng5 Qg3+ 32. Kd2
Qf2+ 33. Kc3 Qxd4+ 34. Bxd4 Nde5 0-1

[Event "Championnat de la Loire - Open"]
[Site "Loire "]
[Date "2009.11.14"]
[Round "1.12"]
[White "Andre, Gregory"]
[Black "Rasle, Corentin"]
[Result "1-0"]
[WhiteElo "1499"]
[BlackElo "1350"]
[PlyCount "101"]
[EventDate "2009.??.??"]

1. f4 d5 2. Nf3 c5 3. e3 e6 4. b3 Nf6 5. Bb2 Be7 6. Bd3 Nc6 7. Bb5 Bd7 8. Bxc6
Bxc6 9. O-O O-O 10. Ne5 Qc7 11. d3 Rad8 12. Rf3 d4 13. e4 Bd6 14. Nxc6 Qxc6 15.
e5 Bxe5 16. fxe5 Ng4 17. Qe2 Qd5 18. Nd2 Nxe5 19. Rh3 Ng6 20. Qh5 h6 21. Rf1
Qd6 22. Ne4 Qc7 23. Bc1 Qe5 24. Qxe5 Nxe5 25. Nxc5 b6 26. Ne4 Rc8 27. Rg3 Ng6
28. Rf2 Rc6 29. Nd6 Rxd6 30. Ba3 Rfd8 31. Bxd6 Rxd6 32. Rg4 Rd5 33. Re4 Rd6 34.
Re1 Rc6 35. g3 Rc5 36. Rfe2 Rc6 37. Rc1 Kf8 38. Re4 e5 39. h4 Rc5 40. c4 dxc3
41. Rc4 Ra5 42. a4 Rd5 43. Rc8+ Ke7 44. R1xc3 Rd7 45. R3c7 f5 46. Rxd7+ Kxd7
47. Rg8 e4 48. Rxg7+ Ne7 49. dxe4 fxe4 50. Rh7 e3 51. Kf1 1-0

[Event "Championnat de la Loire - Open"]
[Site "Loire "]
[Date "2009.11.14"]
[Round "1.13"]
[White "Liogier, Pascal"]
[Black "Barrandon, Georges"]
[Result "1-0"]
[WhiteElo "1330"]
[BlackElo "1499"]
[PlyCount "89"]
[EventDate "2009.??.??"]

1. d4 Nf6 2. c4 e6 3. Nc3 Bb4 4. a3 Bxc3+ 5. bxc3 h6 6. Nf3 O-O 7. Bf4 b6 8.
Qc2 Bb7 9. Nd2 c5 10. e4 d6 11. Bd3 Nh5 12. Be3 e5 13. O-O Nd7 14. d5 Nhf6 15.
Qd1 Nh7 16. Rb1 Ndf6 17. f4 Qe7 18. f5 Nd7 19. Rf3 Ng5 20. Bxg5 Qxg5 21. Rg3
Qf6 22. Qh5 Kh8 23. Nf3 Rg8 24. Nh4 Nf8 25. Nf3 Nh7 26. Nh4 Rae8 27. Rg6 Qe7
28. Re6 Qd7 29. Bc2 Nf6 30. Rxf6 Kh7 31. Rxf7 Re7 32. Rxe7 Qxe7 33. Ng6 Qf6 34.
h4 Bc8 35. g4 Bd7 36. g5 Qd8 37. Rf1 Be8 38. Rf2 Bf7 39. Kh1 Qe8 40. Bd1 Bxg6
41. Qxg6+ Qxg6 42. fxg6+ Kxg6 43. gxh6 Kxh6 44. Kh2 g6 45. Rf6 1-0

[Event "Championnat de la Loire - Open"]
[Site "Loire "]
[Date "2009.11.14"]
[Round "1.14"]
[White "Boeuf, Jeremy"]
[Black "Swietlicki, Jordan"]
[Result "0-1"]
[WhiteElo "1499"]
[BlackElo "1310"]
[PlyCount "126"]
[EventDate "2009.??.??"]

1. e4 e5 2. f4 Nc6 3. Nf3 d6 4. Bb5 Bd7 5. d3 Nge7 6. f5 Nc8 7. Nc3 Be7 8. O-O
O-O 9. Nd5 f6 10. Nxe7+ N8xe7 11. Qe1 Kh8 12. Nh4 Nd4 13. Bc4 Nxc2 14. Qf2 Nxa1
15. Ng6+ Nxg6 16. fxg6 h6 17. Bxh6 gxh6 18. Qh4 Kg7 19. Bf7 Be8 20. Bxe8 Qxe8
21. Rf3 Nc2 22. Rh3 Rh8 23. Kf2 Qf8 24. Qg4 Rd8 25. Kg3 d5 26. Kh4 Qe7 27. Kh5
Qd7 28. Qe2 Nd4 29. Qe3 dxe4 30. dxe4 f5 31. exf5 Qxf5+ 32. Kh4 Qf4+ 33. Qxf4
exf4 34. Kg4 Rdf8 35. Rd3 h5+ 36. Kg5 Rf5+ 37. Kh4 Ne6 38. Rd7+ Kxg6 39. Re7
Kf6 40. Rd7 f3 41. gxf3 Rxf3 42. b4 Rf4+ 43. Kh3 Rxb4 44. Rd2 Ng5+ 45. Kg2 Rg8
46. Kf1 Rf4+ 47. Ke2 Re8+ 48. Kd1 Nf3 49. Rd7 Rd4+ 50. Rxd4 Nxd4 51. Kd2 Nf3+
52. Kc3 Nxh2 53. a4 h4 54. Kb4 Re5 55. a5 Nf3 56. a6 bxa6 57. Kc4 h3 58. Kd3 h2
59. Kc4 h1=Q 60. Kb4 Qc1 61. Kb3 Rb5+ 62. Ka4 Qc4+ 63. Ka3 Qb3# 0-1

[Event "Championnat de la Loire - Open"]
[Site "Loire "]
[Date "2009.11.14"]
[Round "1.15"]
[White "Bader, Gaetan"]
[Black "Ducoulombier, Bertrand"]
[Result "0-1"]
[WhiteElo "1220"]
[BlackElo "1499"]
[PlyCount "48"]
[EventDate "2009.??.??"]

1. e4 e5 2. Nf3 Nc6 3. Nc3 Nf6 4. Be2 Bc5 5. O-O O-O 6. Bc4 d6 7. d3 g6 8. Bh6
Re8 9. Ng5 Ng4 10. Nxf7 Qh4 11. h3 Nxh6 12. Nxd6+ Kh8 13. Nxe8 Bxh3 14. Qf3
Rxe8 15. gxh3 Rf8 16. Qg2 Nd4 17. f3 Nxc2+ 18. Kh1 Nxa1 19. Rxa1 Nf7 20. Nd5
Ng5 21. Rf1 Nxf3 22. Rxf3 Rxf3 23. Qxf3 Qe1+ 24. Kg2 Qg1# 0-1

[Event "Championnat de la Loire - Open"]
[Site "Loire "]
[Date "2009.11.14"]
[Round "1.16"]
[White "Febvret, Olivier"]
[Black "Laffin, Mickael"]
[Result "1-0"]
[WhiteElo "1499"]
[BlackElo "1199"]
[PlyCount "93"]
[EventDate "2009.??.??"]

1. e4 e5 2. Nf3 Nc6 3. Nc3 Bc5 4. Bc4 d6 5. d3 Bg4 6. Bb5 Qd7 7. h3 Bxf3 8.
Qxf3 Nf6 9. Bg5 a6 10. Bxc6 Qxc6 11. Bxf6 gxf6 12. Qxf6 Rg8 13. Nd5 Qd7 14. Qf3
O-O-O 15. Nf6 Qb5 16. Nxg8 Rxg8 17. b3 Qb4+ 18. Ke2 Bd4 19. Qxf7 Rh8 20. Rac1
Qc3 21. Qc4 Qxc4 22. bxc4 Rf8 23. f3 b5 24. cxb5 axb5 25. c3 Ba7 26. Rb1 c6 27.
Rb3 Kb7 28. Rhb1 Ka6 29. Ra3+ Kb7 30. c4 Rb8 31. cxb5 cxb5 32. Rab3 Kc6 33. a4
b4 34. Rxb4 Rxb4 35. Rxb4 Bc5 36. Rb1 d5 37. exd5+ Kxd5 38. a5 h5 39. a6 h4 40.
Rb7 Kc6 41. Rb2 Bb6 42. Kd2 Bc7 43. Ke3 Bb6+ 44. Ke4 Bd4 45. f4 Kd6 46. fxe5+
Bxe5 47. a7 1-0

[Event "Championnat de la Loire - Open"]
[Site "Loire "]
[Date "2009.11.14"]
[Round "1.17"]
[White "Richard, Nicolas"]
[Black "Marie, Michel"]
[Result "1-0"]
[WhiteElo "1199"]
[BlackElo "1499"]
[PlyCount "123"]
[EventDate "2009.??.??"]

1. e4 e5 2. Nf3 Nc6 3. d4 Bd6 4. d5 Nd4 5. Nxd4 exd4 6. Qxd4 c5 7. Qxg7 Qf6 8.
Qxf6 Nxf6 9. Nc3 Rg8 10. g3 a6 11. Bh3 b5 12. a3 b4 13. axb4 cxb4 14. Na4 Rb8
15. Bf4 Nxe4 16. f3 Bxf4 17. gxf4 Nf6 18. Nc5 Nxd5 19. f5 d6 20. Ne4 Rb6 21.
Ra5 Nf4 22. Bf1 b3 23. c4 Bxf5 24. Rxf5 Rg6 25. Rxf4 a5 26. c5 dxc5 27. Nxc5
Rbc6 28. Nxb3 Rce6+ 29. Re4 a4 30. Nc5 Rxe4+ 31. fxe4 Rg4 32. Bd3 Rg2 33. Nxa4
Ke7 34. b4 Ra2 35. Nc3 Ra3 36. Kd2 Rb3 37. Rb1 Ra3 38. b5 Ra8 39. b6 Rg8 40. b7
Kd7 41. b8=Q Rxb8 42. Rxb8 Ke6 43. Bc4+ Kf6 44. Rb6+ Kg7 45. e5 h5 46. e6 fxe6
47. Bxe6 Kf6 48. Ne4+ Ke5 49. Ke3 h4 50. Bg4 Kd5 51. Rb5+ Kc4 52. Rc5+ Kb4 53.
Kd3 Ka3 54. Kc3 Ka4 55. Kc4 Ka3 56. Rb5 Ka4 57. Bd1+ Ka3 58. Rb4 h3 59. Kc3 Ka2
60. Bc2 Ka3 61. Nf6 Ka2 62. Ra4# 1-0

[Event "Championnat de la Loire - Open"]
[Site "Loire "]
[Date "2009.11.14"]
[Round "1.18"]
[White "Chambosse, Alexis"]
[Black "Choquelle, Jean"]
[Result "1-0"]
[WhiteElo "1490"]
[BlackElo "1140"]
[PlyCount "71"]
[EventDate "2009.??.??"]

1. e4 e5 2. Nf3 Nc6 3. Bc4 h6 4. O-O Nf6 5. Nc3 Bc5 6. Re1 Ng4 7. Qe2 Bxf2+ 8.
Kf1 Bxe1 9. Nxe1 Nxh2+ 10. Kg1 Qh4 11. Nf3 Qf4 12. d3 Qg3 13. Nxh2 Nd4 14. Qd1
d6 15. Ne2 Qg6 16. Nxd4 exd4 17. Bd2 Bh3 18. Qf3 Be6 19. Bb3 O-O-O 20. Qf2 c5
21. c3 Kb8 22. cxd4 Rc8 23. dxc5 Rxc5 24. Be3 Ra5 25. Bxe6 Qxe6 26. b4 Ra3 27.
Nf3 Rxd3 28. Bxa7+ Kc7 29. Qc2+ Kd7 30. Qxd3 Ke7 31. Re1 f6 32. a4 Rc8 33. Nd4
Qd7 34. Nf5+ Kd8 35. Nxd6 Rc6 36. Nxb7+ 1-0

[Event "Championnat de la Loire - Open"]
[Site "Loire "]
[Date "2009.11.14"]
[Round "1.19"]
[White "Victoria, Philippe"]
[Black "Allabrune, Guillaume"]
[Result "0-1"]
[WhiteElo "1050"]
[BlackElo "1480"]
[PlyCount "64"]
[EventDate "2009.??.??"]

1. d4 d5 2. c4 e6 3. Nc3 Nf6 4. Nf3 Bb4 5. Bd2 O-O 6. e3 Nc6 7. Be2 b6 8. O-O
Ba6 9. b3 Na5 10. Ne5 Nd7 11. f4 Nxe5 12. fxe5 dxc4 13. bxc4 Bxc4 14. Bxc4 Nxc4
15. Qe2 b5 16. Rab1 c5 17. Rxb4 cxb4 18. Nxb5 Nxd2 19. Qxd2 f6 20. exf6 gxf6
21. e4 Qb6 22. Qxb4 Rab8 23. a4 a6 24. Qd6 axb5 25. Qxb6 Rxb6 26. axb5 Rxb5 27.
g4 f5 28. exf5 exf5 29. Rxf5 Rfxf5 30. Kg2 Kf7 31. Kg3 h5 32. Kh4 Ke6 0-1

[Event "Championnat de la Loire - Open"]
[Site "Loire"]
[Date "2009.11.14"]
[Round "2.1"]
[White "Bednar, Emile"]
[Black "Andre, Gregory"]
[Result "1/2-1/2"]
[WhiteElo "1760"]
[BlackElo "1499"]
[PlyCount "83"]
[EventDate "2009.??.??"]

1. e4 e5 2. f4 exf4 3. Nf3 g5 4. Bc4 d6 5. O-O Be6 6. Bxe6 fxe6 7. Nd4 Qf6 8.
Qh5+ Kd7 9. c3 Qg6 10. Qe2 a6 11. d3 h5 12. Na3 Ne7 13. Bd2 Bg7 14. Nac2 e5 15.
Nb3 g4 16. d4 Rf8 17. dxe5 Bxe5 18. Qd3 Nbc6 19. Nbd4 f3 20. Ne3 f2+ 21. Rxf2
Rxf2 22. Kxf2 Nxd4 23. cxd4 g3+ 24. Kg1 gxh2+ 25. Kh1 Bf4 26. Nf1 Rg8 27. Qh3+
Qg4 28. Bxf4 Qxh3 29. gxh3 Rf8 30. Bxh2 Rf2 31. Rb1 Nc6 32. Kg1 Re2 33. Ng3 Rd2
34. Nf5 Nxd4 35. Nxd4 Rxd4 36. e5 Rd2 37. exd6 cxd6 38. Bg3 d5 39. a3 Rc2 40.
Bf4 Ke6 41. b4 Rc3 42. Bc1 $11 1/2-1/2

[Event "Championnat de la Loire - Open"]
[Site "Loire"]
[Date "2009.11.14"]
[Round "2.2"]
[White "Ducoulombier, Bertrand"]
[Black "Desassis, Maxence"]
[Result "0-1"]
[WhiteElo "1499"]
[BlackElo "1690"]
[PlyCount "46"]
[EventDate "2009.??.??"]

1. e4 c5 2. Nf3 Nc6 3. d4 cxd4 4. Nxd4 g6 5. Nxc6 bxc6 6. Qd4 Nf6 7. Bc4 d6 8.
e5 Qa5+ 9. Nc3 Qxe5+ 10. Qxe5 dxe5 11. O-O Bg7 12. Re1 Nd7 13. f4 O-O 14. fxe5
Nxe5 15. Bb3 Ng4 16. Rxe7 Bd4+ 17. Kh1 Nf2+ 18. Kg1 Nd1+ 19. Kh1 Nxc3 20. bxc3
Bxc3 21. Rb1 Be6 22. Bxe6 fxe6 23. Rbb7 Rf1# 0-1

[Event "Championnat de la Loire - Open"]
[Site "Loire"]
[Date "2009.11.14"]
[Round "2.3"]
[White "Rasle, Jean-Michel"]
[Black "Febvret, Olivier"]
[Result "1-0"]
[WhiteElo "1690"]
[BlackElo "1499"]
[PlyCount "85"]
[EventDate "2009.??.??"]

1. d4 d5 2. c4 e6 3. Nc3 Nf6 4. Bg5 Be7 5. Nf3 h6 6. Bh4 Nc6 7. e3 Ne4 8. Bxe7
Nxe7 9. Bd3 Nxc3 10. bxc3 dxc4 11. Bxc4 b6 12. Ne5 Bd7 13. Qf3 O-O 14. O-O Qe8
15. e4 Bb5 16. Bd3 Bxd3 17. Qxd3 Nc6 18. Ng4 Qd7 19. e5 Qe7 20. Qg3 Qg5 21. f4
Qg6 22. Rf3 Ne7 23. h4 Nf5 24. Qh3 Qh5 25. g3 Ne7 26. Raf1 Qf5 27. Nf2 Qxh3 28.
Nxh3 Kh7 29. Nf2 f6 30. exf6 Rxf6 31. Re1 Rg6 32. g4 Rf8 33. Kh2 Nd5 34. Kg3
Rgf6 35. Re4 g5 36. hxg5 hxg5 37. Nh3 gxf4+ 38. Nxf4 Nxf4 39. Rexf4 Rxf4 40.
Rxf4 Rxf4 41. Kxf4 Kg6 42. Ke5 Kf7 43. c4 1-0

[Event "Championnat de la Loire - Open"]
[Site "Loire"]
[Date "2009.11.14"]
[Round "2.4"]
[White "Moleins, Jean-Pierre"]
[Black "Chambosse, Alexis"]
[Result "0-1"]
[WhiteElo "1670"]
[BlackElo "1490"]
[PlyCount "59"]
[EventDate "2009.??.??"]

1. g3 e5 2. Bg2 d5 3. e4 dxe4 4. Bxe4 Nf6 5. Bg2 Nc6 6. c3 Bc5 7. Qa4 Bd7 8.
Qc2 Ng4 9. Nh3 O-O 10. b4 Bb6 11. a4 a5 12. b5 Ne7 13. Bxb7 Rb8 14. Bg2 Ng6 15.
c4 Bc5 16. Nc3 f5 17. O-O f4 18. Ne4 Bf5 19. d3 Bxe4 20. Bxe4 Rf6 21. Bd5+ Kh8
22. Qe2 Qf8 23. Qxg4 fxg3 24. Qxg3 Ne7 25. Be4 Qf7 26. Qxe5 Bd6 27. Qc3 Qh5 28.
d4 Qg4+ 29. Bg2 Rg6 30. Qf3 0-1

[Event "Championnat de la Loire - Open"]
[Site "Loire"]
[Date "2009.11.14"]
[Round "2.6"]
[White "Mazet, Christian"]
[Black "Brachet, Gerard"]
[Result "1-0"]
[WhiteElo "1590"]
[BlackElo "1450"]
[PlyCount "55"]
[EventDate "2009.??.??"]

1. d4 d5 2. c4 dxc4 3. Nc3 e6 4. e4 Bb4 5. Bxc4 Nc6 6. Be3 Nf6 7. f3 O-O 8.
Nge2 a6 9. O-O b5 10. Bd3 Bb7 11. Rc1 Re8 12. Bb1 Ba5 13. a3 Bb6 14. Bf2 Qd7
15. e5 Nd5 16. Qd3 g6 17. h4 Kg7 18. h5 Nxc3 19. bxc3 Nxe5 20. dxe5 Qxd3 21.
Bxd3 Bxf2+ 22. Kxf2 gxh5 23. Rh1 Rad8 24. Nf4 Kh8 25. Rxh5 Rxd3 26. Nxd3 Rd8
27. Ke3 Kg7 28. Nc5 1-0

[Event "Championnat de la Loire - Open"]
[Site "Loire"]
[Date "2009.11.14"]
[Round "2.7"]
[White "Buisine, Roman"]
[Black "Liogier, Pascal"]
[Result "1-0"]
[WhiteElo "1550"]
[BlackElo "1330"]
[PlyCount "47"]
[EventDate "2009.??.??"]

1. e4 c5 2. Nf3 Nc6 3. d4 Nxd4 4. Nxd4 cxd4 5. Qxd4 d6 6. Bc4 e5 7. Qd3 Ne7 8.
Nc3 g6 9. Be3 Bg7 10. Nb5 O-O 11. Nxd6 Nc6 12. O-O-O Qc7 13. Nb5 Qa5 14. h4 Rd8
15. Qb3 Be6 16. Bxe6 fxe6 17. Qxe6+ Kh8 18. Nd6 Rxd6 19. Rxd6 Rd8 20. Rxd8+
Qxd8 21. h5 Bh6 22. Bxh6 Nd4 23. Qxe5+ Kg8 24. Qg7# 1-0

[Event "Championnat de la Loire - Open"]
[Site "Loire"]
[Date "2009.11.14"]
[Round "2.8"]
[White "Swietlicki, Jordan"]
[Black "Desassis, Jean-Francois"]
[Result "1-0"]
[WhiteElo "1310"]
[BlackElo "1550"]
[PlyCount "67"]
[EventDate "2009.??.??"]

1. e4 c5 2. d3 d6 3. Nc3 Nc6 4. Nf3 Nf6 5. h3 g6 6. Be2 Bg7 7. O-O O-O 8. a3
Bd7 9. Bd2 Qb6 10. b3 Be6 11. Rb1 a6 12. Na4 Qc7 13. c4 b5 14. Nb2 Nd7 15. Qc1
Nde5 16. Bh6 Nxf3+ 17. Bxf3 Nd4 18. Bd1 Rab8 19. Bxg7 Kxg7 20. b4 f5 21. bxc5
dxc5 22. a4 f4 23. f3 b4 24. Qd2 Qe5 25. Bc2 Qg5 26. g4 fxg3 27. Qxg5 Rxf3 28.
Qxe7+ Kh6 29. Rxf3 Nxf3+ 30. Kg2 Ng5 31. h4 Bh3+ 32. Kxg3 Nxe4+ 33. Qxe4 Bc8
34. Qf4+ 1-0

[Event "Championnat de la Loire - Open"]
[Site "Loire"]
[Date "2009.11.14"]
[Round "2.9"]
[White "Volay, Pascal"]
[Black "Richard, Nicolas"]
[Result "1/2-1/2"]
[WhiteElo "1540"]
[BlackElo "1199"]
[PlyCount "96"]
[EventDate "2009.??.??"]

1. e4 e5 2. Nf3 Nc6 3. d4 Bd6 4. d5 Nce7 5. a3 c6 6. dxc6 dxc6 7. Bd3 Nf6 8.
O-O O-O 9. Bg5 Ng6 10. Nbd2 h6 11. Be3 Be6 12. h3 Qe7 13. Be2 Rad8 14. Nh2 Rd7
15. Ng4 Bxg4 16. Bxg4 Nxg4 17. Qxg4 Rfd8 18. Rad1 Nf4 19. Bxf4 exf4 20. Qe2 g5
21. f3 Be5 22. c3 b5 23. Nb1 a6 24. Rd2 Qe6 25. Rfd1 Bf6 26. Rxd7 Rxd7 27. Rxd7
Qxd7 28. Qd2 Qe6 29. Qc2 a5 30. Nd2 Qd6 31. Kf1 c5 32. Nb1 b4 33. axb4 axb4 34.
cxb4 cxb4 35. b3 Bd4 36. Nd2 Bc3 37. Nc4 Qc5 38. Qd3 Bd4 39. Qe2 Kg7 40. Qd3 f6
41. Qd2 Kg6 42. Qd3 f5 43. exf5+ Kf6 44. Qe4 Ba1 45. Qe6+ Kg7 46. f6+ Bxf6 47.
Qd7+ Kg6 48. Qe8+ Kg7 $11 1/2-1/2

[Event "Championnat de la Loire - Open"]
[Site "Loire"]
[Date "2009.11.14"]
[Round "2.10"]
[White "Bec, Jimmy"]
[Black "Chabas, Jean-Luc"]
[Result "1/2-1/2"]
[WhiteElo "1680"]
[BlackElo "1580"]
[PlyCount "40"]
[EventDate "2009.??.??"]

1. c4 c6 2. Nc3 d5 3. b3 Bf5 4. d4 e6 5. e3 Nf6 6. g3 Nbd7 7. Bg2 Be7 8. Nge2
O-O 9. O-O h6 10. h3 Bg6 11. Nf4 Bh7 12. Kh1 Bb4 13. Bb2 Re8 14. Nfe2 Rc8 15.
Rc1 Qe7 16. Kg1 Ba3 17. Bxa3 Qxa3 18. Qd2 Qb4 19. Rfd1 Qe7 20. f4 Nb6 $11
1/2-1/2